Français de nos régions - Carte Quiz #3 - Statistiques

Statistiques générales
  • Ce quiz a été pris 359 fois
  • Le résultat moyen est 3 sur 8
Réponses sur la Carte
Les réponses sont colorées sur une échelle allant du rouge au vert en fonction du pourcentage des utilisateurs qui les ont devinées à leur premier essai. Vous pouvez retrouver ces pourcentages ci-dessous.
 
Statistiques - réponses
Réponse % Correct
Aller à la pêche aux moules
78%
Hochwasser
69%
Avoir le feu au plancher
35%
Aller aux fraises
26%
Aller au cresson
24%
Avoir de l'eau dans la cave
21%
Avoir de l'eau à la cave
19%
Avoir de l'eau dans les caves
13%
Aucun quiz correspondant
Distribution des résultats
% des personnes avec chaque résultat
Percentile par nombre de réponses
Votre historique - résultats
Vous n’avez pas pris ce quiz